00446nam a2200169Ia 450000500170000000800410001702000180005804100080007608200150008410000130009924500420011226000430015430000090019750000290020665000280023570000130026320251121151943.0230125s9999 xx 000 0 und d a9781626568914 aeng a158.1bLEI aLeider R aWork ReimaginedbUncover Your Calling c2015bHarper Collins PublishersaIndia a160p aPersonality Development  aPersonality Development aLeider R